[Event "Klatovy"]
[Site "?"]
[Date "2007.??.??"]
[Round "?"]
[White "Stluka, F."]
[Black "Cekan, P."]
[Result "1-0"]
[WhiteElo "2145"]
[BlackElo "1970"]
[PlyCount "91"]
[EventDate "2007.??.??"]

1. d4 d5 2. c4 dxc4 3. Nf3 Nf6 4. e3 e6 5. Bxc4 c5 6. O-O a6 7. a4 b6 8. Nc3
Bb7 9. Qe2 Qc7 10. Rd1 Be7 11. e4 cxd4 12. Nxd4 Nc6 13. Nxc6 Qxc6 14. f3 Bc5+
15. Kh1 O-O 16. e5 Nd7 17. Bf4 Rfd8 18. Ne4 Nf8 19. Rxd8 Rxd8 20. Bxa6 Bxa6 21.
Qxa6 Ng6 22. Bg3 Bd4 23. Rd1 Rd5 24. b3 Bxe5 25. Qe2 Nf4 26. Rxd5 exd5 27. Qd2
Qc7 28. Nf2 h6 29. Ng4 Bd6 30. Ne3 g6 31. Bxf4 Bxf4 32. Nxd5 Qd6 33. Qxf4 Qxd5
34. Qb8+ Kh7 35. Qxb6 Qd1+ 36. Qg1 Qxb3 37. Qa1 Qb6 38. a5 Qa6 39. h3 h5 40.
Qe5 Qf1+ 41. Kh2 h4 42. Qe7 Qc4 43. Qd6 Qe2 44. a6 Qf2 45. Qc7 Kh6 46. a7 1-0

[Event "Klatovy"]
[Site "?"]
[Date "2007.??.??"]
[Round "?"]
[White "Trmal, J."]
[Black "Paldus, P."]
[Result "1/2-1/2"]
[WhiteElo "2320"]
[BlackElo "2045"]
[PlyCount "38"]
[EventDate "2007.??.??"]

1. d4 g6 2. e4 f6 3. Nf3 Nh6 4. Nc3 Nf7 5. Bc4 Bg7 6. O-O b6 7. Qe2 c6 8. a4 a5
9. Re1 Ba6 10. Bxa6 Nxa6 11. e5 O-O 12. h3 Nc7 13. Bf4 f5 14. Rad1 e6 15. Qd2
h6 16. h4 Kh7 17. Ne2 Rh8 18. g3 Bf8 19. Kg2 Be7 1/2-1/2

[Event "Klatovy"]
[Site "?"]
[Date "2007.??.??"]
[Round "?"]
[White "Folk, P."]
[Black "Danek, V."]
[Result "1/2-1/2"]
[WhiteElo "2255"]
[BlackElo "2020"]
[PlyCount "50"]
[EventDate "2007.??.??"]

1. e4 e5 2. Nf3 Nc6 3. Bb5 a6 4. Ba4 Nf6 5. d4 exd4 6. O-O Be7 7. Re1 b5 8. Bb3
O-O 9. e5 Ne8 10. c3 d5 11. Nxd4 Nxd4 12. cxd4 Be6 13. Nc3 g6 14. Qf3 c6 15.
Ne2 Ng7 16. Bh6 Qd7 17. Nf4 Rfd8 18. Bxg7 Kxg7 19. Nd3 Bf5 20. Rac1 Bxd3 21.
Qxd3 Rac8 22. h3 Qe6 23. Bd1 f5 24. a4 c5 25. axb5 c4 1/2-1/2

[Event "Klatovy"]
[Site "?"]
[Date "2007.??.??"]
[Round "?"]
[White "Havlik, J."]
[Black "Gdovin, J."]
[Result "1-0"]
[WhiteElo "2020"]
[BlackElo "2115"]
[PlyCount "59"]
[EventDate "2007.??.??"]

1. e4 e6 2. d4 d5 3. Nd2 Nf6 4. e5 Nfd7 5. c3 c5 6. Bd3 Nc6 7. Ne2 cxd4 8. cxd4
f6 9. exf6 Qxf6 10. Nf3 h6 11. O-O Bd6 12. Nc3 a6 13. a3 O-O 14. Bc2 Rd8 15. b4
Nf8 16. Na4 Bd7 17. Nc5 Ra7 18. Re1 b6 19. Nd3 Nxd4 20. Nxd4 Qxd4 21. Be3 Qh4
22. g3 Qf6 23. Bxb6 Raa8 24. Bxd8 Rxd8 25. Ba4 Bb5 26. Bxb5 axb5 27. Qe2 Re8
28. Ne5 Re7 29. Rac1 g6 30. Rc6 1-0

[Event "Klatovy"]
[Site "?"]
[Date "2007.??.??"]
[Round "?"]
[White "Snaidr, J."]
[Black "Ondrejat, M."]
[Result "0-1"]
[WhiteElo "2000"]
[BlackElo "2110"]
[PlyCount "116"]
[EventDate "2007.??.??"]

1. d4 Nf6 2. c4 e6 3. Nf3 c5 4. e3 b6 5. Be2 Bb7 6. O-O Be7 7. Nc3 O-O 8. d5
exd5 9. cxd5 d6 10. e4 a6 11. a4 Ne8 12. Nd2 Bf6 13. f4 Bd4+ 14. Kh1 f5 15. Nf3
Bxc3 16. bxc3 fxe4 17. Ng5 Nc7 18. c4 Qe7 19. Bg4 Nd7 20. Bb2 Nf6 21. Be6+ Kh8
22. Ra3 b5 23. Rh3 h6 24. Nxe4 Nxe6 25. Bxf6 Rxf6 26. Nxf6 Qxf6 27. dxe6 Qxe6
28. f5 Qxc4 29. f6 Re8 30. fxg7+ Kxg7 31. Rg3+ Kh7 32. axb5 axb5 33. Qa1 Re5
34. h3 b4 35. Re1 Qd4 36. Qb1+ Be4 37. Qa2 Bxg2+ 38. Kh2 Qd5 39. Qf2 Rxe1 40.
Qxe1 Be4 41. Qe2 Qe5 42. Qf2 Bg6 43. Qa2 h5 44. Qa7+ Kh6 45. Qb8 Qe2+ 46. Rg2
Qe5+ 47. Rg3 Be8 48. Qd8 b3 49. h4 b2 50. Qg5+ Qxg5 51. hxg5+ Kg6 52. Rb3 Kxg5
53. Rxb2 Kf5 54. Rd2 Ke6 55. Re2+ Kd7 56. Kg3 Bf7 57. Kf4 Be6 58. Rb2 h4 0-1

[Event "Klatovy"]
[Site "?"]
[Date "2007.??.??"]
[Round "?"]
[White "Pokora, L."]
[Black "Krejci, J."]
[Result "1-0"]
[WhiteElo "1995"]
[BlackElo "2100"]
[PlyCount "95"]
[EventDate "2007.??.??"]

1. e4 c5 2. Nc3 d6 3. g3 Nc6 4. Bg2 g6 5. d3 Bg7 6. f4 e6 7. Nf3 Nge7 8. O-O
O-O 9. Be3 Nd4 10. e5 Nec6 11. exd6 Qxd6 12. Ne4 Qc7 13. c3 Nf5 14. Bxc5 Rd8
15. Qe2 b6 16. Bf2 Ba6 17. Rfd1 Rac8 18. Rac1 Rd7 19. Bf1 h5 20. Qe1 h4 21. d4
Bxf1 22. Qxf1 hxg3 23. hxg3 Nd6 24. Qe2 Nxe4 25. Qxe4 Rcd8 26. Re1 Qb7 27. Kg2
Ne7 28. Qxb7 Rxb7 29. Ne5 Rc7 30. Kf3 Nd5 31. Ke4 b5 32. Kd3 Rdc8 33. Be3 Kf8
34. Bd2 Nb6 35. b3 Ke7 36. Nf3 Bf6 37. Rh1 Rh8 38. Rxh8 Bxh8 39. Rh1 Bf6 40.
Rh7 Kd6 41. f5 Kc6 42. fxg6 fxg6 43. Rxc7+ Kxc7 44. c4 bxc4+ 45. bxc4 Kc6 46.
g4 a6 47. g5 Bg7 48. Nh4 1-0

[Event "Klatovy"]
[Site "?"]
[Date "2007.??.??"]
[Round "?"]
[White "Cmiko, J."]
[Black "Jonas, V."]
[Result "1/2-1/2"]
[WhiteElo "2100"]
[BlackElo "1985"]
[PlyCount "123"]
[EventDate "2007.??.??"]

1. Nf3 Nf6 2. d4 g6 3. g3 Bg7 4. Bg2 O-O 5. O-O d6 6. c4 Nbd7 7. Nc3 e5 8. e3
c6 9. b3 Qc7 10. Bb2 Nb6 11. Rc1 Bf5 12. h3 Rad8 13. Qe2 Rfe8 14. Rfd1 Rd7 15.
g4 Be4 16. g5 exd4 17. gxf6 dxc3 18. Bxc3 Bh8 19. Nh4 Bxg2 20. Kxg2 Qd8 21. Qg4
Bxf6 22. Bxf6 Qxf6 23. Rd4 Rde7 24. Rcd1 d5 25. Rf4 Qg7 26. Kh2 Re4 27. Rd4
Rxd4 28. Rxd4 h5 29. Qg3 Qe5 30. Rf4 Re6 31. Nf5 Kh7 32. Nd4 Rf6 33. Rxf6 Qxf6
34. c5 Nd7 35. b4 Qe5 36. Qxe5 Nxe5 37. Kg3 Nd3 38. b5 cxb5 39. Nxb5 a6 40. Nc3
Nxc5 41. Nxd5 Kg7 42. f4 f5 43. Kf3 Kf7 44. Ke2 h4 45. Nb6 Ke6 46. Nc4 Ne4 47.
Ne5 Kf6 48. a3 b5 49. Nf3 Nc3+ 50. Kd3 Nb1 51. a4 bxa4 52. Kc4 a3 53. Kb3 a2
54. Kxa2 Nc3+ 55. Kb3 Nd1 56. Nxh4 Nxe3 57. Ka4 Nd5 58. Ng2 g5 59. fxg5+ Kxg5
60. Ka5 Nc7 61. h4+ Kg4 62. Ne3+ 1/2-1/2

[Event "Klatovy"]
[Site "?"]
[Date "2007.??.??"]
[Round "?"]
[White "Pospisil, J."]
[Black "Hlavac, R."]
[Result "1/2-1/2"]
[WhiteElo "1970"]
[BlackElo "2095"]
[PlyCount "39"]
[EventDate "2007.??.??"]

1. e4 c5 2. Nf3 Nc6 3. d4 cxd4 4. Nxd4 Nf6 5. Nc3 e5 6. Ndb5 d6 7. Bg5 a6 8.
Na3 b5 9. Bxf6 gxf6 10. Nd5 Bg7 11. c3 f5 12. exf5 Bxf5 13. Nc2 O-O 14. a4 bxa4
15. Rxa4 a5 16. Bb5 Ne7 17. Nce3 Be6 18. Nxe7+ Qxe7 19. Bc4 Rfc8 20. O-O
1/2-1/2

[Event "Klatovy"]
[Site "?"]
[Date "2007.??.??"]
[Round "?"]
[White "Straka, V."]
[Black "Turner, R."]
[Result "0-1"]
[WhiteElo "1930"]
[BlackElo "2085"]
[PlyCount "88"]
[EventDate "2007.??.??"]

1. d4 Nf6 2. c4 c5 3. d5 e6 4. Nc3 exd5 5. cxd5 d6 6. e4 g6 7. Nf3 Bg7 8. Bg5
h6 9. Bh4 O-O 10. Bd3 a6 11. a4 Nbd7 12. O-O Qc7 13. Nd2 Ne5 14. Nc4 Nxc4 15.
Bxc4 Bd7 16. Qd2 g5 17. Bg3 Nh5 18. Rae1 Nxg3 19. hxg3 b5 20. axb5 axb5 21.
Nxb5 Bxb5 22. Bxb5 Qb6 23. Qd3 Rab8 24. Bc4 Qxb2 25. f4 Qd4+ 26. Qxd4 Bxd4+ 27.
Kh2 f6 28. Rb1 Rfe8 29. Bd3 Rec8 30. Rxb8 Rxb8 31. Rb1 Rxb1 32. Bxb1 g4 33. Bd3
Kf7 34. Be2 h5 35. Bb5 Ke7 36. Bd3 Kd7 37. e5 dxe5 38. Bg6 c4 39. Bxh5 c3 40.
Bxg4+ Kd6 41. Bf5 Kxd5 42. fxe5 fxe5 43. Bc2 e4 44. g4 e3 0-1

[Event "Klatovy"]
[Site "?"]
[Date "2007.??.??"]
[Round "?"]
[White "Cvikl, M."]
[Black "Hacaperkova, L."]
[Result "1/2-1/2"]
[WhiteElo "2085"]
[BlackElo "1965"]
[PlyCount "23"]
[EventDate "2007.??.??"]

1. e4 e5 2. d4 exd4 3. Qxd4 Nc6 4. Qe3 Nf6 5. Nc3 Bb4 6. Bd2 d6 7. O-O-O Be6 8.
f4 Bg4 9. Re1 Be6 10. Rd1 Bg4 11. Re1 Be6 12. Rd1 1/2-1/2

[Event "Klatovy"]
[Site "?"]
[Date "2007.??.??"]
[Round "?"]
[White "Palkova, K."]
[Black "Hadrava, J."]
[Result "1-0"]
[WhiteElo "2070"]
[BlackElo "1870"]
[PlyCount "92"]
[EventDate "2007.??.??"]

1. e4 d5 2. exd5 Qxd5 3. Nc3 Qd6 4. g3 Nc6 5. Bg2 a6 6. Nge2 Bf5 7. d3 O-O-O 8.
Be3 e5 9. O-O Qd7 10. Re1 Bh3 11. Bh1 h5 12. Ne4 h4 13. Nc5 Bxc5 14. Bxc5 hxg3
15. fxg3 Nf6 16. b4 b6 17. b5 axb5 18. a4 b4 19. Bf2 Ng4 20. a5 Qf5 21. Nf4
Nxa5 22. Rxa5 bxa5 23. Qf3 e4 24. dxe4 Qb5 25. Nxh3 Nxf2 26. Nxf2 Rd2 27. e5
Qa6 28. Qxf7 Rd7 29. Qf4 Qh6 30. Qxh6 Rxh6 31. e6 Re7 32. Bd5 c6 33. Ba2 Kc7
34. g4 g5 35. Re5 Kb6 36. Ne4 a4 37. Bc4 a3 38. Nd6 Kc7 39. Nf5 Rhxe6 40. Rxe6
Rxe6 41. Bxe6 Kb6 42. h4 gxh4 43. g5 Kb5 44. g6 c5 45. Ne3 b3 46. Bxb3 Kb4 1-0

[Event "Klatovy"]
[Site "?"]
[Date "2007.??.??"]
[Round "?"]
[White "Kracik, D."]
[Black "Kubik, J."]
[Result "0-1"]
[WhiteElo "2050"]
[BlackElo "1960"]
[PlyCount "116"]
[EventDate "2007.??.??"]

1. e4 d6 2. d4 Nf6 3. f3 g6 4. Be3 Bg7 5. Bd3 c6 6. c4 Nbd7 7. Ne2 O-O 8. Nbc3
e5 9. d5 c5 10. Qd2 a6 11. g4 Re8 12. O-O-O b5 13. cxb5 axb5 14. Bxb5 Ba6 15.
a4 Bxb5 16. axb5 Qa5 17. Kc2 Qb4 18. Nc1 c4 19. N1a2 Qb3+ 20. Kb1 Reb8 21. Qc2
Rxa2 22. Nxa2 Qxe3 23. g5 Qxg5 24. Qxc4 Nc5 25. b4 Ncd7 26. Rd3 Nb6 27. Qc7
Nfd7 28. Rc1 Rc8 29. Qxd6 Rxc1+ 30. Nxc1 Bf8 31. Qc7 Bxb4 32. d6 Qg2 33. h4 h5
34. Rc3 Bxc3 35. Qxc3 Qf1 36. Qb3 Qc4 37. Kb2 Qxb3+ 38. Kxb3 g5 39. hxg5 h4 40.
Ne2 h3 41. Kc3 h2 42. Ng3 Kh7 43. Kd3 Kg6 44. Ke3 Nc4+ 45. Kf2 Nxd6 46. Kg2
Nxb5 47. Kxh2 Nd4 48. Kg2 Kxg5 49. Kf2 Nf6 50. Ke3 Nh5 51. Nf1 Nf4 52. Nh2 Ng2+
53. Kf2 Nh4 54. Kg3 Nhxf3 55. Ng4 f6 56. Nf2 Nd2 57. Nh3+ Kg6 58. Nf2 Ne2+ 0-1

[Event "Klatovy"]
[Site "?"]
[Date "2007.??.??"]
[Round "?"]
[White "Kubikova, A."]
[Black "Nguyen, D."]
[Result "1-0"]
[WhiteElo "2155"]
[BlackElo "1820"]
[PlyCount "47"]
[EventDate "2007.??.??"]

1. d4 Nf6 2. c4 g6 3. Nc3 Bg7 4. e4 d6 5. f3 O-O 6. Be3 e5 7. d5 Nh5 8. g4 Nf4
9. Qd2 f5 10. gxf5 gxf5 11. O-O-O Nd7 12. exf5 a6 13. Nh3 b5 14. Rg1 Kh8 15.
Ne4 Nb6 16. Nxf4 exf4 17. Bd4 Be5 18. Bxe5+ dxe5 19. c5 Nd7 20. Qc3 Qe7 21. d6
cxd6 22. Rxd6 Nf6 23. Nxf6 Rxf6 24. Qxe5 1-0

[Event "Klatovy"]
[Site "?"]
[Date "2007.??.??"]
[Round "?"]
[White "Kalivoda, L."]
[Black "Kopta, P."]
[Result "0-1"]
[WhiteElo "1865"]
[BlackElo "2325"]
[PlyCount "128"]
[EventDate "2007.??.??"]

1. e4 c5 2. c3 d6 3. d4 Nf6 4. dxc5 Nc6 5. Qc2 dxc5 6. Be2 e6 7. Nf3 Qc7 8. O-O
Be7 9. h3 b6 10. Be3 Bb7 11. Nbd2 O-O 12. Rfd1 h6 13. Ne1 e5 14. a4 Na5 15. f3
c4 16. b4 cxb3 17. Nxb3 Nxb3 18. Qxb3 Bc5 19. c4 Rfd8 20. Kf2 Nh5 21. Nc2 Nf4
22. Bf1 Qe7 23. Bxc5 Qxc5+ 24. Ne3 Rd4 25. Qb5 Rad8 26. Qxc5 bxc5 27. Nd5 Rxd1
28. Rxd1 Kf8 29. Rb1 Bc6 30. a5 Ne6 31. g3 Nd4 32. h4 Nc2 33. Rb2 Bxd5 34. cxd5
Nb4 35. Rb3 Ke7 36. f4 Kd6 37. Rc3 Re8 38. Bg2 Rb8 39. Bf1 f5 40. fxe5+ Kxe5
41. Rxc5 fxe4 42. Rc7 Nxd5 43. Rxa7 Rb2+ 44. Ke1 e3 45. Bd3 Rd2 46. Be2 Rb2 47.
Bd3 Kd4 48. Rd7 Kxd3 49. Rxd5+ Ke4 50. Rd7 g5 51. hxg5 hxg5 52. a6 Ra2 53. a7
Kf3 54. Rf7+ Kxg3 55. Re7 Kf3 56. Rf7+ Kg2 57. Rg7 g4 58. a8=Q+ Rxa8 59. Ke2 g3
60. Rf7 Re8 61. Rf6 Kg1 62. Rf1+ Kh2 63. Rf7 Rh8 64. Kxe3 g2 0-1

[Event "Klatovy"]
[Site "?"]
[Date "2007.??.??"]
[Round "?"]
[White "Grill, R."]
[Black "Skoda, M."]
[Result "1-0"]
[WhiteElo "2110"]
[BlackElo "1995"]
[PlyCount "95"]
[EventDate "2007.??.??"]

1. e4 c6 2. d3 d5 3. Nd2 dxe4 4. dxe4 Nf6 5. Ngf3 Bg4 6. h3 Bh5 7. e5 Nd5 8. e6
f6 9. g4 Bg6 10. Nd4 Nc7 11. c3 Qd5 12. Qb3 Qxb3 13. N2xb3 Be4 14. Bf4 Nd5 15.
Bxb8 Bxh1 16. Bg3 O-O-O 17. Nxc6 Rd6 18. Nxa7+ Kd8 19. Bxd6 exd6 20. O-O-O Ke7
21. Bc4 Nb6 22. Rxh1 Nxc4 23. Nd4 g6 24. Nab5 Ne5 25. Kc2 h5 26. gxh5 Rxh5 27.
Nc7 Nc6 28. Ncb5 Nd8 29. f4 Rh4 30. Nc7 Nc6 31. Nd5+ Kd8 32. Rg1 Ne7 33. Nxe7
Kxe7 34. f5 g5 35. Rg3 d5 36. b4 Kd6 37. a4 Kc7 38. Re3 Kd8 39. Rd3 Rf4 40. Kb3
Ke8 41. a5 Bd6 42. Nb5 Be5 43. Rxd5 Rf3 44. Rd7 Rxh3 45. Rxb7 Rd3 46. a6 g4 47.
a7 Rd8 48. Rg7 1-0

[Event "Klatovy"]
[Site "?"]
[Date "2007.??.??"]
[Round "?"]
[White "Boleslav, P."]
[Black "Hlavnicka, J."]
[Result "0-1"]
[WhiteElo "2105"]
[BlackElo "1995"]
[PlyCount "32"]
[EventDate "2007.??.??"]

1. e4 e5 2. Nf3 Nc6 3. Bb5 d6 4. d4 exd4 5. Nxd4 Bd7 6. Bxc6 bxc6 7. O-O Nf6 8.
Re1 Be7 9. e5 dxe5 10. Rxe5 O-O 11. Bg5 Bg4 12. Qd3 Qd7 13. f3 c5 14. Nf5 Bxf5
15. Qxd7 Nxd7 16. Bxe7 Nxe5 0-1

[Event "Klatovy"]
[Site "?"]
[Date "2007.??.??"]
[Round "?"]
[White "Rakous, P."]
[Black "Grabarczyk, S."]
[Result "0-1"]
[WhiteElo "2010"]
[BlackElo "1860"]
[PlyCount "66"]
[EventDate "2007.??.??"]

1. Nf3 d5 2. c4 c6 3. b3 Nf6 4. Bb2 e6 5. g3 Bd6 6. d4 Nbd7 7. Bg2 O-O 8. O-O
Qe7 9. Nbd2 e5 10. dxe5 Nxe5 11. Rc1 Re8 12. Re1 Neg4 13. Bxf6 Nxf6 14. cxd5
Nxd5 15. e4 Nb4 16. Nc4 Bc5 17. Re2 Bg4 18. Rc3 Rad8 19. Qb1 f5 20. e5 f4 21.
gxf4 Nd5 22. Ng5 g6 23. Bxd5+ cxd5 24. Nd6 Bxd6 25. Rec2 Bxe5 26. Re3 Bf5 27.
Rxe5 Bxc2 28. Qxc2 Qd7 29. Qe2 Rc8 30. Ne6 d4 31. f5 d3 32. Qd2 Rc2 33. Qh6 d2
0-1

[Event "Klatovy"]
[Site "?"]
[Date "2007.??.??"]
[Round "?"]
[White "Kovar, P."]
[Black "Skopec, L."]
[Result "1-0"]
[WhiteElo "2005"]
[BlackElo "1850"]
[PlyCount "95"]
[EventDate "2007.??.??"]

1. c4 e5 2. Nc3 Nf6 3. g3 c6 4. d4 exd4 5. Qxd4 d5 6. Bg2 Be6 7. cxd5 cxd5 8.
Nf3 Nc6 9. Qa4 Qb6 10. O-O Bc5 11. Qh4 Ng4 12. e3 Be7 13. Nxd5 Bxh4 14. Nxb6
axb6 15. Nxh4 Rxa2 16. Rxa2 Bxa2 17. Bd2 O-O 18. Nf5 Rd8 19. Bc3 f6 20. f4 Be6
21. Nd4 Nxe3 22. Nxe6 Re8 23. Re1 Nc2 24. Re2 N2b4 25. Nd4 Rxe2 26. Nxe2 Nd3
27. Nd4 Nd8 28. Bd5+ Kf8 29. Ne6+ Nxe6 30. Bxe6 Ke7 31. Bf5 Nc5 32. Bb4 g6 33.
Bc8 Kd8 34. Bxc5 bxc5 35. Bxb7 Kc7 36. Be4 Kd6 37. Kf2 c4 38. Ke3 Kc5 39. g4
Kb4 40. h4 c3 41. bxc3+ Kxc3 42. Bxg6 Kc4 43. Bxh7 Kd5 44. Bg8+ Kd6 45. Ke4 Ke7
46. Kf5 Kf8 47. Bd5 Kg7 48. Be6 1-0

[Event "Klatovy"]
[Site "?"]
[Date "2007.??.??"]
[Round "?"]
[White "Hruska, J."]
[Black "Rmoutil, M."]
[Result "0-1"]
[WhiteElo "1850"]
[BlackElo "2005"]
[PlyCount "72"]
[EventDate "2007.??.??"]

1. d4 d5 2. Nf3 Nf6 3. Bf4 g6 4. e3 Bg7 5. h3 O-O 6. Bd3 c5 7. c3 Nc6 8. Nbd2
a5 9. a4 b6 10. O-O Ba6 11. Qe2 Bxd3 12. Qxd3 c4 13. Qc2 Nd7 14. e4 e6 15. exd5
exd5 16. Rfe1 Nf6 17. Ne5 Nxe5 18. Bxe5 Re8 19. Nf3 Ra7 20. Bxf6 Bxf6 21. Ne5
Bxe5 22. dxe5 Qg5 23. Rad1 Rxe5 24. Rxe5 Qxe5 25. Qd2 Rd7 26. Re1 Qf6 27. f4
Rd6 28. Re5 Qd8 29. Qe3 Kg7 30. f5 d4 31. cxd4 Rxd4 32. fxg6 hxg6 33. Re4 Rd1+
34. Kf2 Qf6+ 35. Qf4 Qxb2+ 36. Kg3 Rd2 0-1

[Event "Klatovy"]
[Site "?"]
[Date "2007.??.??"]
[Round "?"]
[White "Vlasak, L."]
[Black "Rezac, J."]
[Result "1-0"]
[WhiteElo "2005"]
[BlackElo "1765"]
[PlyCount "73"]
[EventDate "2007.??.??"]

1. e4 e5 2. Nf3 d6 3. d4 exd4 4. Nxd4 Nf6 5. Nc3 Bd7 6. Bc4 Nc6 7. O-O Be7 8.
h3 Qc8 9. Be3 Ne5 10. Be2 Bxh3 11. gxh3 Qxh3 12. Nd5 Nfg4 13. Bxg4 Nxg4 14. Re1
Qh2+ 15. Kf1 Qh1+ 16. Ke2 Qxe4 17. Nxc7+ Kd7 18. Nxa8 Nxf2 19. Kxf2 Bh4+ 20.
Kg1 Bxe1 21. Qxe1 Qg4+ 22. Kf1 Re8 23. Qf2 f5 24. Qxf5+ Qxf5+ 25. Nxf5 Rf8 26.
Bxa7 Rxf5+ 27. Bf2 g5 28. Nb6+ Kc6 29. Nc4 g4 30. Kg2 h5 31. Rd1 d5 32. Ne3 Re5
33. b4 h4 34. Nxg4 Re2 35. c3 Rxa2 36. Kh3 Rc2 37. Bd4 1-0

[Event "Klatovy"]
[Site "?"]
[Date "2007.??.??"]
[Round "?"]
[White "Cecil, P."]
[Black "Vacek, M."]
[Result "1-0"]
[WhiteElo "2040"]
[BlackElo "1895"]
[PlyCount "73"]
[EventDate "2007.??.??"]

1. d4 d5 2. Nf3 Nf6 3. c4 c6 4. Nc3 e6 5. Bg5 Be7 6. e3 Nbd7 7. Qb3 O-O 8. Rd1
dxc4 9. Bxc4 b5 10. Bd3 h6 11. Bh4 a5 12. O-O Bb7 13. Bb1 Re8 14. Qc2 g6 15. e4
Qb6 16. e5 Nd5 17. Nxd5 cxd5 18. Bxe7 Rxe7 19. Qd2 Kg7 20. h4 h5 21. g4 Rh8 22.
Qf4 Ree8 23. Rc1 b4 24. Bc2 Bc6 25. Ng5 Ref8 26. gxh5 Rxh5 27. Bd1 Rh6 28. Re1
Bb5 29. Re3 f5 30. exf6+ Rxf6 31. Qg4 e5 32. dxe5 Nxe5 33. Qg3 Nc4 34. Re7+ Kg8
35. Bf3 Qd8 36. Rb7 Bc6 37. Rb8 1-0

[Event "Klatovy"]
[Site "?"]
[Date "2007.??.??"]
[Round "?"]
[White "Peniska, P."]
[Black "Sterba, K."]
[Result "1/2-1/2"]
[WhiteElo "2015"]
[BlackElo "1805"]
[PlyCount "79"]
[EventDate "2007.??.??"]

1. d4 Nf6 2. c4 g6 3. Nc3 d5 4. cxd5 Nxd5 5. e4 Nxc3 6. bxc3 Bg7 7. Bc4 c5 8.
Ne2 O-O 9. O-O Nc6 10. Be3 Qc7 11. Rc1 e6 12. Qd2 Rd8 13. Rfd1 a6 14. f4 b5 15.
Bd3 c4 16. Bb1 Ne7 17. g4 f5 18. gxf5 gxf5 19. Ng3 Qd7 20. Qg2 Bb7 21. Nh5 Ng6
22. d5 fxe4 23. Bd4 Bxd4+ 24. Rxd4 Qf7 25. dxe6 Qxe6 26. Rcd1 Rxd4 27. Rxd4 Qf5
28. Bxe4 Bxe4 29. Qxe4 Qxe4 30. Rxe4 Kf7 31. Rd4 Ke7 32. Kf2 Rf8 33. Kg3 Ke6
34. Kg4 Ne7 35. Ng3 Rf6 36. Ne4 Rg6+ 37. Ng5+ Kf6 38. Rd6+ Kg7 39. Rd7 Kf6 40.
Rd6+ 1/2-1/2

[Event "Klatovy"]
[Site "?"]
[Date "2007.??.??"]
[Round "?"]
[White "Skut, M."]
[Black "Novak, J."]
[Result "0-1"]
[WhiteElo "1895"]
[BlackElo "2000"]
[PlyCount "114"]
[EventDate "2007.??.??"]

1. e4 c5 2. c3 d5 3. exd5 Qxd5 4. d4 Nc6 5. Nf3 Bg4 6. Be2 e6 7. h3 Bh5 8. Na3
cxd4 9. Nb5 Rc8 10. Nbxd4 Nxd4 11. Qxd4 Qxd4 12. Nxd4 Bxe2 13. Nxe2 Bc5 14. Be3
Bxe3 15. fxe3 Nf6 16. O-O-O Ke7 17. Rd3 Rhd8 18. Rhd1 Rxd3 19. Rxd3 e5 20. Kc2
Ke6 21. Kb3 Nd7 22. Kb4 Nb6 23. b3 Nd5+ 24. Ka3 e4 25. Rd4 f5 26. Ra4 Nxe3 27.
Rxa7 Rc7 28. Ra5 g6 29. Nf4+ Kf7 30. Rb5 g5 31. Ne2 Kg6 32. Rb6+ Kg7 33. Nd4
Rxc3 34. Rxb7+ Kf6 35. Kb2 Nd1+ 36. Kb1 Rg3 37. a4 Rxg2 38. Rc7 Ke5 39. Nc2 g4
40. h4 Rd2 41. Kc1 Rd8 42. a5 Nf2 43. a6 g3 44. Rg7 Ng4 45. Ne1 Kf6 46. Rb7 f4
47. a7 Ra8 48. Rb6+ Ke5 49. Rb5+ Kd4 50. Nc2+ Kc3 51. Rc5+ Kxb3 52. Rb5+ Ka4
53. Rb4+ Ka5 54. Rxe4 g2 55. Re1 f3 56. Kd2 f2 57. Ra1+ Kb6 0-1

[Event "Klatovy"]
[Site "?"]
[Date "2007.??.??"]
[Round "?"]
[White "Schanilec, M."]
[Black "Huttner, M."]
[Result "1/2-1/2"]
[WhiteElo "1800"]
[BlackElo "1980"]
[PlyCount "96"]
[EventDate "2007.??.??"]

1. c4 Nf6 2. g3 g6 3. Bg2 Bg7 4. e3 c5 5. f4 Nc6 6. Ne2 O-O 7. O-O d6 8. e4 Ne8
9. Nbc3 f5 10. d3 e5 11. fxe5 dxe5 12. Nd5 Nc7 13. Nec3 Ne6 14. exf5 gxf5 15.
Qh5 Ned4 16. Bg5 Qd7 17. g4 f4 18. Ne4 Qxg4 19. Nef6+ Bxf6 20. Nxf6+ Rxf6 21.
Qxg4 Bxg4 22. Bxf6 f3 23. Bh1 Bh3 24. Bxf3 Bxf1 25. Bd5+ Kf8 26. Rxf1 Ke8 27.
Bg5 Nb4 28. Bh6 Ne2+ 29. Kh1 Nf4 30. Bxf4 exf4 31. Rxf4 Nxd5 32. cxd5 Rd8 33.
Rf5 Rd6 34. Kg2 Ra6 35. a3 Rb6 36. Rh5 Rxb2+ 37. Kf3 b5 38. Rxh7 a5 39. d6 c4
40. dxc4 bxc4 41. Rc7 Rxh2 42. Rxc4 Rd2 43. Ra4 Rxd6 44. Rxa5 Kd7 45. Ke4 Kc7
46. a4 Kb6 47. Rb5+ Ka6 48. Ke5 Rb6 1/2-1/2

[Event "Klatovy"]
[Site "?"]
[Date "2007.??.??"]
[Round "?"]
[White "Jenc, M."]
[Black "Travnik, P."]
[Result "1-0"]
[WhiteElo "1965"]
[BlackElo "1825"]
[PlyCount "75"]
[EventDate "2007.??.??"]

1. e4 c5 2. Nf3 d6 3. d4 cxd4 4. Nxd4 a6 5. c4 Nf6 6. Nc3 e6 7. Bg5 Be7 8. f4
Qc7 9. Be2 O-O 10. Qd2 Nbd7 11. O-O b6 12. Rac1 Bb7 13. Bf3 Rac8 14. f5 e5 15.
Nd5 Bxd5 16. cxd5 Qb7 17. Nc6 Nb8 18. Nxe7+ Qxe7 19. g4 Nbd7 20. b4 b5 21. Rc6
Rxc6 22. dxc6 Nb6 23. Bxf6 gxf6 24. Rd1 Nc4 25. Qh6 Rc8 26. Rd3 Rxc6 27. Be2
Qf8 28. Qxf6 Qg7 29. Qd8+ Qf8 30. Qh4 f6 31. g5 fxg5 32. Qxg5+ Qg7 33. h4 Qxg5+
34. hxg5 Rc7 35. f6 Kf8 36. Bh5 Rd7 37. Bg4 Rc7 38. Be6 1-0

[Event "Klatovy"]
[Site "?"]
[Date "2007.??.??"]
[Round "?"]
[White "Lexa, V."]
[Black "Palla, R."]
[Result "1-0"]
[WhiteElo "1955"]
[BlackElo "1800"]
[PlyCount "89"]
[EventDate "2007.??.??"]

1. d4 d5 2. c4 e6 3. Nf3 Nf6 4. Nc3 Nbd7 5. e3 c6 6. a3 Qc7 7. Bd3 Be7 8. O-O
O-O 9. Bd2 dxc4 10. Bxc4 e5 11. Qc2 exd4 12. Nxd4 Nb6 13. Bd3 g6 14. b4 Ng4 15.
f4 Bf6 16. Nde2 Be6 17. h3 Nh6 18. Nb5 Qe7 19. Nbd4 Bd7 20. Rae1 Rad8 21. e4
Bxd4+ 22. Nxd4 Bxh3 23. Nxc6 bxc6 24. gxh3 Qd7 25. Rf3 f5 26. e5 Rfe8 27. Bc3
Qd5 28. Qe2 Qe6 29. Ba1 Kg7 30. a4 Ng8 31. a5 Nd5 32. Bc4 Rb8 33. Qb2 Nge7 34.
Rd1 Red8 35. Rfd3 Kh6 36. Qb3 Rxb4 37. Qxb4 Nxb4 38. Bxe6 Rxd3 39. Rxd3 Nxd3
40. Bd4 c5 41. Be3 Nc6 42. Bc4 Nb2 43. Bb5 Nxa5 44. e6 Kg7 45. e7 1-0

[Event "Klatovy"]
[Site "?"]
[Date "2007.??.??"]
[Round "?"]
[White "Muhlbauer, H."]
[Black "Macek, K."]
[Result "1-0"]
[WhiteElo "1785"]
[BlackElo "1950"]
[PlyCount "57"]
[EventDate "2007.??.??"]

1. d4 Nf6 2. Nf3 e6 3. a3 d5 4. c4 c5 5. e3 Nc6 6. dxc5 dxc4 7. Qxd8+ Kxd8 8.
Bxc4 Bxc5 9. b4 Bd6 10. Bb2 Ke7 11. O-O a6 12. Nbd2 b5 13. Be2 e5 14. Rac1 Bd7
15. Rfd1 Rac8 16. Nb3 e4 17. Nfd4 Nxd4 18. Bxd4 Rxc1 19. Rxc1 Rc8 20. Nc5 Bxc5
21. Bxc5+ Ke8 22. Rd1 Rd8 23. f3 Bc6 24. Bd4 exf3 25. gxf3 Nd5 26. Kf2 f6 27.
Bd3 h6 28. Bg6+ Ke7 29. Bc5+ 1-0

[Event "Klatovy"]
[Site "?"]
[Date "2007.??.??"]
[Round "?"]
[White "Hruska, O."]
[Black "Hacaperka, M."]
[Result "1-0"]
[WhiteElo "1880"]
[BlackElo "1935"]
[PlyCount "81"]
[EventDate "2007.??.??"]

1. d4 Nf6 2. c4 g6 3. Nc3 Bg7 4. e4 d6 5. f3 O-O 6. Be3 c5 7. d5 a6 8. Nge2 e6
9. g4 exd5 10. cxd5 Nbd7 11. Ng3 b5 12. h4 Ne5 13. g5 Ne8 14. f4 Nd7 15. Qd2 b4
16. Nd1 Nc7 17. h5 Re8 18. hxg6 fxg6 19. Bd3 Nf8 20. Nf2 a5 21. O-O-O Ba6 22.
Ng4 Qe7 23. f5 Be5 24. Nxe5 dxe5 25. Rdf1 Qd6 26. fxg6 Qxg6 27. Rf6 Qg7 28. Nf5
Qd7 29. Nh6+ Kh8 30. Rhf1 Bxd3 31. Qxd3 Nce6 32. Qe2 Nf4 33. Bxf4 exf4 34. Qh5
Rxe4 35. Nf7+ Kg8 36. g6 Nxg6 37. Rxg6+ hxg6 38. Qxg6+ Kf8 39. Qxe4 Kxf7 40.
Rxf4+ Kg8 41. Qg2+ 1-0

[Event "Klatovy"]
[Site "?"]
[Date "2007.??.??"]
[Round "?"]
[White "Kubat, M."]
[Black "Svec, L."]
[Result "1/2-1/2"]
[WhiteElo "1940"]
[BlackElo "1855"]
[PlyCount "28"]
[EventDate "2007.??.??"]

1. e4 c5 2. Nc3 e6 3. g3 Nc6 4. Bg2 Nf6 5. d3 d5 6. exd5 Nxd5 7. Bd2 Be7 8.
Nge2 O-O 9. O-O Bf6 10. Rb1 Nd4 11. Ne4 Nxe2+ 12. Qxe2 Be7 13. a3 a5 14. Nc3
Bf6 1/2-1/2

[Event "Klatovy"]
[Site "?"]
[Date "2007.??.??"]
[Round "?"]
[White "Valdman, J."]
[Black "Sibl, V."]
[Result "1/2-1/2"]
[WhiteElo "1835"]
[BlackElo "1900"]
[PlyCount "74"]
[EventDate "2007.??.??"]

1. e4 d6 2. d4 Nf6 3. f3 Nbd7 4. Be3 e5 5. d5 Be7 6. Bc4 O-O 7. Ne2 Ne8 8. Nbc3
Bg5 9. Qd2 Bxe3 10. Qxe3 a6 11. a4 b6 12. O-O Qh4 13. Qf2 Qh6 14. g4 Qh3 15.
Qg3 Qxg3+ 16. Nxg3 g6 17. Kf2 Ng7 18. b4 f6 19. a5 b5 20. Bd3 Bb7 21. Rad1 Kf7
22. h4 Ke7 23. Rh1 h6 24. h5 g5 25. Na2 c6 26. dxc6 Bxc6 27. c4 bxc4 28. Bxc4
Rfc8 29. Rc1 Nf8 30. Ke3 Nfe6 31. Ne2 Bb7 32. Bb3 Ne8 33. Rxc8 Rxc8 34. Rc1
Rxc1 35. Naxc1 N8c7 36. Bxe6 Nxe6 37. Ng3 Ng7 1/2-1/2